| 000 | 01005nam a2200289 i 4500 | ||
|---|---|---|---|
| 003 | DO-SdBNP | ||
| 005 | 20250218104215.0 | ||
| 006 | a||||er|||| 00| 0 | ||
| 007 | ta | ||
| 008 | 240405e2022 dr ac||| |||| 00| e spa d | ||
| 020 | _a9789945924930 | ||
| 040 |
_aDO-SdBNP _bspa _cBNPHU _erda |
||
| 082 | 4 |
_222 _bM385i |
|
| 100 | 1 |
_aMartínez, Cristian _eautor _q(Crismar) _91853 |
|
| 245 | 1 | 0 |
_aInarum atte' -oniken = Ninfas de las aguas/ _cCristian Martínez Villanueva (Crismar) |
| 246 | 1 | 1 | _aNinfas de las aguas. |
| 264 | 1 |
_aSanto Domingo : _bFundación PROPAGAS, _bOcéano Azul Ediciones, _c2022 |
|
| 300 |
_a197 páginas : _bIlustraciones, retratos ; _c25 cm. |
||
| 336 |
_2rdacontent _atexto _btxt |
||
| 337 |
_2rdamedia _asin mediación _bn |
||
| 338 |
_2rdacarrier _avolulmen _bnc |
||
| 500 | _aIcluye datos biográficos del autor en las solapas de las cubiertas. | ||
| 500 | _aIncluye léxico taíno. | ||
| 504 | _aBibliografía 195 - 197 | ||
| 590 | _aInventariado 2024 / MF | ||
| 942 |
_2ddc _cLBS1 |
||
| 999 |
_c56261 _d56261 |
||